000 00418nam a22001577a 4500
020 _a978-93-836-003-8
082 _a823
_bBUR/L
100 _aBURROUGH, EDGAR RICE
245 _aTHE LAND THAT TIME FORGOT
_bALL TIME CLASSICS
246 _aTHE LAND THAT TIME FORGOT
_bALL TIME CLASSICS
260 _aDELHI
_bRAJA POCKET BOOKS
_c2015
300 _a125
520 _aCLASSIC STORY
650 _aCLASSIC STORY
942 _cBK
999 _c2875
_d2875